Missing Word: Vince Vaughn Quiz Stats

 Plays Quiz Updated Feb 15, 2019

     
Support Sporcle.
Go Orange.
Score 0/20 Timer 03:00
0 Plays Today
Movie Title & Year Missing Word % Correct
______ Crashers (2005)Wedding
95.5%
______ & Hutch (2004)Starsky
91.2%
Mr. & Mrs. ______ (2005)Smith
87.2%
Hacksaw ______ (2016)Ridge
80.8%
Couples ______ (2009)Retreat
80.5%
______ Christmases (2008)Four
80.4%
______: The Legend of Ron Burgundy (2004)Anchorman
80.3%
______ School (2003)Old
69.8%
______: A True Underdog Story (2004)Dodgeball
68.5%
The Lost ______: Jurassic Park (1997)World
64.9%
Movie Title & Year Missing Word % Correct
______ Claus (2007)Fred
59.8%
Delivery ______ (2013)Man
58.9%
The ______ -Up (2006)Break
55.7%
Fighting with My ______ (2019)Family
37.9%
Into the ______ (2007)Wild
37.2%
Be ______ (2005)Cool
31.9%
______ Disturbance (2001)Domestic
23.5%
Clay ______ (1998)Pigeons
14.1%
______ the Favorite (2012)Lay
7.1%
Return to ______ (1998)Paradise
5.9%

Today's Daily Dose

Missing Word
Rappers A-Z

Word Ladder
Required Reading

Get the Picture
WWE Big Four PPVs

From the Vault

Chinese Cities: Real or Fake?

by WhyAmIDoingThis

Think you can pick the actual Chinese cities while avoiding the decoys?
Remove Ads.
Support Sporcle.
Get the best of Sporcle when you Go Orange. This ad-free experience offers more features, more stats, and more fun while also helping to support Sporcle. Thank you for becoming a member.

Show Comments

Extras

Top Quizzes Today


Score Distribution

Your Account Isn't Verified!

In order to create a playlist on Sporcle, you need to verify the email address you used during registration. Go to your Sporcle Settings to finish the process.

Report this User

Report this user for behavior that violates our Community Guidelines.

Details: